[Event "zonal 3.3 (w)"]
[Site "Tagaytay City PHI"]
[Date "2013.01.24"]
[Round "4"]
[White "Nguyen Thi Mai Hung"]
[Black "Jose, Rulp Ylem"]
[Result "1-0"]
[WhiteElo "2272"]
[BlackElo "2026"]
[EventDate "2013.01.22"]
[PlyCount "61"]

1.d4 c5 2.e3 e6 3.Nf3 Nf6 4.Bd3 b6 5.O-O Bb7 6.b3 Be7 7.Bb2 O-O 8.c4 d6 9.
Nc3 Nbd7 10.Qe2 Ne8 11.Rad1 Nc7 12.Bb1 f5 13.e4 fxe4 14.Nxe4 d5 15.cxd5 
exd5 16.Ng3 g6 17.Rfe1 Bf6 18.Qc2 Rc8 19.Nh5 Bh8 20.dxc5 bxc5 21.Bc1 Nb5 
22.Ng5 Nd4 23.Qd3 Ne5 24.Qg3 Qd6 25.Nf4 Rc7 26.b4 Qb6 27.Be3 Nf5 28.Bxf5 
Rxf5 29.Nfe6 Rc8 30.Bxc5 Qa6 31.Nd4 1-0

[Event "zonal 3.3 (w)"]
[Site "Tagaytay City PHI"]
[Date "2013.01.24"]
[Round "4"]
[White "Batchimeg, Tuvshintugs"]
[Black "Sihite, Chelsie Monica"]
[Result "1/2-1/2"]
[WhiteElo "2323"]
[BlackElo "2264"]
[EventDate "2013.01.22"]
[PlyCount "122"]

1.d4 Nf6 2.Nf3 e6 3.e3 b6 4.Bd3 Bb7 5.O-O c5 6.b3 Nc6 7.Bb2 Be7 8.Nbd2 d6 
9.a3 O-O 10.Qe2 Nd7 11.c4 f5 12.e4 cxd4 13.exf5 exf5 14.Nxd4 Nxd4 15.Bxd4 
Nc5 16.b4 Nxd3 17.Qxd3 Qd7 18.Rfe1 Rae8 19.Qg3 Rf7 20.f3 Bf8 21.Rxe8 Qxe8 
22.Re1 Re7 23.Rxe7 Qxe7 24.Kf2 Qe6 25.Qf4 Ba6 26.Be3 Be7 27.Qd4 Kf7 28.a4 
Bf6 29.Qd3 d5 30.Qxd5 Qxd5 31.cxd5 Bb7 32.Nc4 Ke7 33.a5 b5 34.Bc5+ Kd7 35.
Nd6 Bxd5 36.Nxf5 Be6 37.Nd4 a6 38.Ne2 g6 39.Ke3 Bc4 40.Ng3 Bd5 41.Ne4 Bg7 
42.Kf4 h6 43.h4 Ke6 44.Ke3 h5 45.g4 Bf6 46.gxh5 gxh5 47.Ng3 Bxh4 48.Nxh5 
Bg5+ 49.f4 Bh6 50.Ng3 Ba8 51.Ne2 Kf5 52.Nd4+ Kg4 53.Bd6 Bd5 54.Ne2 Bg7 55.
Nc1 Bc4 56.Nd3 Bxd3 57.Kxd3 Kf5 58.Ke3 Ke6 59.Bc5 Kf5 60.Bd6 Ke6 61.Bc5 
Kf5 1/2-1/2

[Event "zonal 3.3 (w)"]
[Site "Tagaytay City PHI"]
[Date "2013.01.24"]
[Round "4"]
[White "Citra, Dewi Andhiani Anastasia"]
[Black "Galas, Bernadette"]
[Result "0-1"]
[WhiteElo "2180"]
[BlackElo "1996"]
[EventDate "2013.01.22"]
[PlyCount "88"]

1.e4 c5 2.Nf3 Nc6 3.d4 cxd4 4.Nxd4 Nf6 5.Nc3 e5 6.Ndb5 d6 7.Bg5 a6 8.Na3 
b5 9.Nd5 Be7 10.Bxf6 Bxf6 11.c3 O-O 12.Nc2 Bg5 13.a4 bxa4 14.Rxa4 a5 15.
Bc4 Rb8 16.Ra2 Be6 17.Nce3 Bxe3 18.Nxe3 Qc7 19.Qe2 Ne7 20.O-O Bd7 21.b3 
Bc6 22.Qg4 Kh8 23.Rd1 Rbd8 24.Rad2 Bb7 25.Rd3 Bc8 26.Qh5 f5 27.exf5 Nxf5 
28.Ng4 g6 29.Qg5 Qg7 30.Ne3 e4 31.Nxf5 Bxf5 32.Rd4 Rf6 33.Ra1 Ra8 34.Bd5 
Rc8 35.Qe3 Rc5 36.b4 axb4 37.cxb4 Rc2 38.Rd2 Rf8 39.Rb1 Rxd2 40.Qxd2 e3 
41.Qb2 Bxb1 42.Qxb1 exf2+ 43.Kf1 Qd4 44.Be6 d5 0-1

[Event "zonal 3.3 (w)"]
[Site "Tagaytay City PHI"]
[Date "2013.01.24"]
[Round "4"]
[White "Fisabilillah, Ummi"]
[Black "Perena, Catherine"]
[Result "1/2-1/2"]
[WhiteElo "1853"]
[BlackElo "2153"]
[EventDate "2013.01.22"]
[PlyCount "104"]

1.e4 d5 2.exd5 Qxd5 3.Nc3 Qa5 4.d4 Nf6 5.Bd3 c6 6.Ne2 e6 7.Bf4 Nd5 8.Bd2 
Qc7 9.Ne4 Be7 10.a3 Nf6 11.Bf4 Qd8 12.Nxf6+ Bxf6 13.c3 O-O 14.Ng3 Nd7 15.
Ne4 e5 16.Be3 exd4 17.cxd4 Nb6 18.Qh5 g6 19.Nxf6+ Qxf6 20.Qc5 Re8 21.O-O 
Nd5 22.Qc1 Qh4 23.Bc4 Be6 24.Bxd5 Bxd5 25.f3 Re6 26.Qd2 Qe7 27.Rae1 Bc4 
28.Bg5 f6 29.Rxe6 Bxe6 30.Bh4 Qf7 31.Re1 Kg7 32.Qc3 Re8 33.Bf2 Qd7 34.Qc1 
Bd5 35.Rxe8 Qxe8 36.Qe1 Qd7 37.Qb4 Kf7 38.h3 b6 39.Qd2 Qf5 40.h4 Kg7 41.
Qe2 Kf7 42.Qd2 g5 43.hxg5 fxg5 44.Be3 Kg6 45.Qb4 Qf6 46.Qe1 h5 47.Qb1+ Kh6
48.Qf1 Qf5 49.Qf2 Kg6 50.Qg3 h4 51.Qd6+ Qe6 52.Qxe6+ Bxe6 1/2-1/2

[Event "zonal 3.3 (w)"]
[Site "Tagaytay City PHI"]
[Date "2013.01.24"]
[Round "4"]
[White "San Diego, Marie Antoinette"]
[Black "Tambasen, Mary Grace"]
[Result "1-0"]
[WhiteElo "1923"]
[BlackElo "1825"]
[EventDate "2013.01.22"]
[PlyCount "73"]

1.d4 Nf6 2.Nf3 c5 3.d5 g6 4.Nc3 Bg7 5.a4 a5 6.e4 d6 7.Be2 O-O 8.Bf4 Nfd7 
9.O-O Na6 10.Qd2 Re8 11.Rfe1 b6 12.Bb5 Nc7 13.Bc6 Ra7 14.Rad1 f6 15.Bh6 
Bh8 16.h4 Bb7 17.Nb5 Nxb5 18.axb5 Kf7 19.Qf4 Kg8 20.Qg4 Nf8 21.Bxe8 Qxe8 
22.c4 Bc8 23.Qg3 Qf7 24.Nh2 Bg7 25.Bxg7 Qxg7 26.f4 Nd7 27.Nf3 Rb7 28.e5 
fxe5 29.fxe5 Nxe5 30.Nxe5 dxe5 31.Rxe5 Bf5 32.Rde1 h6 33.Qe3 Kf8 34.Qf3 
Rd7 35.g4 Rd6 36.gxf5 gxf5+ 37.Kh1 1-0

[Event "zonal 3.3 (w)"]
[Site "Tagaytay City PHI"]
[Date "2013.01.25"]
[Round "5"]
[White "Nguyen Thi Thanh An"]
[Black "Pham Le Thao Nguyen"]
[Result "1-0"]
[WhiteElo "2279"]
[BlackElo "2426"]
[EventDate "2013.01.22"]
[PlyCount "106"]

1.d4 d5 2.c4 c6 3.e3 Nf6 4.Nc3 a6 5.Nf3 b5 6.b3 Bg4 7.Be2 e6 8.O-O Nbd7 9.
Bb2 Be7 10.h3 Bf5 11.cxd5 cxd5 12.Rc1 O-O 13.Nh4 Bg6 14.Nxg6 hxg6 15.Bd3 
Nb6 16.Qd2 Bb4 17.a3 Bd6 18.a4 b4 19.Ne2 a5 20.Rc6 Nc8 21.f3 Ne7 22.Rc2 
Qb8 23.e4 dxe4 24.fxe4 e5 25.Qg5 Nh7 26.Qg4 Ra7 27.Bc4 Nf6 28.Qh4 Nh7 29.
Rxf7 Rxf7 30.Bxf7+ Kxf7 31.Qxh7 Ng8 32.Qh4 Nf6 33.Qf2 Re7 34.d5 Rc7 35.Ng3
Rxc2 36.Qxc2 Qa7+ 37.Kh2 Qe3 38.Bc1 Qd4 39.Bb2 Qe3 40.Bc1 Qd4 41.Qc8 Bc5 
42.Ne2 Qf2 43.Qe6+ Kf8 44.d6 Qxe2 45.Qc8+ Kf7 46.Qxc5 Ke6 47.d7 Kxd7 48.
Qxe5 Qxe4 49.Qxa5 Qd4 50.Qb5+ Kd6 51.a5 Nd5 52.Qa6+ Kc7 53.Qxg6 Kb7 1-0

[Event "zonal 3.3 (w)"]
[Site "Tagaytay City PHI"]
[Date "2013.01.25"]
[Round "5"]
[White "Aulia, Medina Warda"]
[Black "Batkhuyag, Munguntuul"]
[Result "1/2-1/2"]
[WhiteElo "2309"]
[BlackElo "2453"]
[EventDate "2013.01.22"]
[PlyCount "129"]

1.e4 c5 2.Nf3 Nc6 3.d4 cxd4 4.Nxd4 e5 5.Nb5 d6 6.N1c3 a6 7.Na3 Be6 8.Nc4 
b5 9.Ne3 Nf6 10.Bd3 Be7 11.O-O O-O 12.a4 Nb4 13.Be2 bxa4 14.Rxa4 a5 15.
Ned5 Nfxd5 16.Nxd5 Nxd5 17.exd5 Bd7 18.Ra3 a4 19.c4 f5 20.c5 dxc5 21.d6 
Bf6 22.Qd5+ Kh8 23.Qxc5 Qc8 24.Qb4 e4 25.b3 Bc3 26.Qc4 Qxc4 27.bxc4 Bb4 
28.Ra2 Rf6 29.Bf4 Bxd6 30.Rd1 Bxf4 31.Rxd7 h6 32.c5 a3 33.g3 Bc1 34.Bc4 
Bb2 35.Bd5 Rc8 36.c6 Rfxc6 37.Bxc6 Rxc6 38.h4 h5 39.Rd5 g6 40.Rd7 Kg8 41.
Kf1 Rc1+ 42.Ke2 Rc2+ 43.Kf1 Kf8 44.Ra7 Rxf2+ 45.Kxf2 Bd4+ 46.Kg2 Bxa7 47.
Rxa3 Bc5 48.Ra6 Kf7 49.Rc6 Be7 50.Ra6 g5 51.hxg5 Bxg5 52.Kh3 Bf6 53.Rc6 
Kg6 54.Re6 Kg5 55.Re8 Bc3 56.Kg2 h4 57.Rg8+ Kh5 58.Rf8 hxg3 59.Rxf5+ Kg6 
60.Rf8 e3 61.Re8 Kf6 62.Rf8+ Ke6 63.Kxg3 e2 64.Re8+ Kd5 65.Rxe2 1/2-1/2

[Event "zonal 3.3 (w)"]
[Site "Tagaytay City PHI"]
[Date "2013.01.25"]
[Round "5"]
[White "Nguyen Thi Mai Hung"]
[Black "Hoang Thi Bao Tram"]
[Result "1/2-1/2"]
[WhiteElo "2272"]
[BlackElo "2322"]
[EventDate "2013.01.22"]
[PlyCount "62"]

1.d4 d5 2.Bf4 Nf6 3.e3 c6 4.c4 g6 5.Nc3 Bg7 6.Nf3 O-O 7.h3 h6 8.Bd3 Be6 9.
cxd5 Nxd5 10.Nxd5 Bxd5 11.O-O Nd7 12.Qe2 Bxf3 13.Qxf3 e5 14.dxe5 Nxe5 15.
Bxe5 Bxe5 16.Rfd1 Qe7 17.Rd2 Rad8 18.Rad1 Kg7 19.Bc4 Bf6 20.b3 Rxd2 21.
Rxd2 Rd8 22.Qd1 Rxd2 23.Qxd2 Be5 24.a4 Bf6 25.Qe2 Qd7 26.Kf1 Qd6 27.Kg1 
Qd7 28.Qd3 Qxd3 29.Bxd3 Be7 30.Kf1 Kf6 31.Ke2 Bd6 1/2-1/2

[Event "zonal 3.3 (w)"]
[Site "Tagaytay City PHI"]
[Date "2013.01.25"]
[Round "5"]
[White "Sihite, Chelsie Monica"]
[Black "Hoang Thi Nhu Y"]
[Result "1/2-1/2"]
[WhiteElo "2264"]
[BlackElo "2245"]
[EventDate "2013.01.22"]
[PlyCount "61"]

1.e4 e6 2.d4 d5 3.exd5 exd5 4.Nf3 Bg4 5.Be2 Nf6 6.O-O Bd6 7.Ne5 Bxe2 8.
Qxe2 O-O 9.Bg5 c6 10.Ng4 Nbd7 11.Qf3 Be7 12.Nxf6+ Bxf6 13.Bxf6 Qxf6 14.
Qxf6 Nxf6 15.Re1 Rfe8 16.Nd2 Kf8 17.f3 Rxe1+ 18.Rxe1 Re8 19.Rxe8+ Nxe8 20.
Kf2 Nd6 21.c3 g5 22.g3 f5 23.Ke3 Ke7 24.b3 Ke6 25.a4 b6 26.Nb1 a5 27.Na3 
b5 28.Kd3 Kd7 29.Nc2 bxa4 30.bxa4 Ke6 31.Na1 1/2-1/2

[Event "zonal 3.3 (w)"]
[Site "Tagaytay City PHI"]
[Date "2013.01.25"]
[Round "5"]
[White "Galas, Bernadette"]
[Black "Fisabilillah, Ummi"]
[Result "1-0"]
[WhiteElo "1996"]
[BlackElo "1853"]
[EventDate "2013.01.22"]
[PlyCount "99"]

1.a3 d5 2.e4 dxe4 3.Nc3 Nf6 4.Qe2 Nbd7 5.Nxe4 Nxe4 6.Qxe4 Nf6 7.Qe2 c6 8.
h3 Bf5 9.d3 Qb6 10.Nf3 e6 11.g3 Be7 12.Bg2 O-O 13.O-O Bd6 14.Be3 Qc7 15.
Bd4 Nd7 16.b3 e5 17.Bb2 Rfe8 18.Nd2 f6 19.Ne4 Be7 20.g4 Be6 21.Ng3 Nf8 22.
Rad1 Rad8 23.Nf5 Bc5 24.b4 Bb6 25.c4 Qc8 26.Be4 Ng6 27.Bc1 Bc7 28.Kh1 Bb8 
29.Rg1 b5 30.f3 Qa6 31.c5 Qc8 32.Qf2 Rf8 33.h4 Rf7 34.Qc2 Bd5 35.g5 fxg5 
36.Rxg5 Be6 37.d4 Kh8 38.h5 Nf8 39.Rdg1 Rdd7 40.dxe5 Bxe5 41.Nh6 Bf6 42.
Nxf7+ Rxf7 43.R5g2 h6 44.Bxh6 Bd4 45.Bxg7+ Rxg7 46.Qd2 Qd7 47.Qh6+ Kg8 48.
Rxg7+ Bxg7 49.Bxc6 Qe7 50.Qg5 1-0

[Event "zonal 3.3 (w)"]
[Site "Tagaytay City PHI"]
[Date "2013.01.25"]
[Round "5"]
[White "Perena, Catherine"]
[Black "San Diego, Marie Antoinette"]
[Result "1/2-1/2"]
[WhiteElo "2153"]
[BlackElo "1923"]
[EventDate "2013.01.22"]
[PlyCount "98"]

1.d4 d5 2.c4 c6 3.e3 Nf6 4.Nc3 a6 5.Nf3 b5 6.cxd5 cxd5 7.Ne5 e6 8.Bd3 Bd6 
9.f4 Bb7 10.O-O Nbd7 11.Qf3 O-O 12.a3 Qe7 13.Bd2 Ne8 14.g4 g6 15.e4 Ndf6 
16.g5 Nxe4 17.Nxe4 dxe4 18.Bxe4 Bxe5 19.dxe5 Bxe4 20.Qxe4 Ng7 21.Bb4 Qa7+ 
22.Kh1 Rfd8 23.Rad1 a5 24.Bd6 Nf5 25.Rf3 Rac8 26.b3 Qb6 27.Rfd3 Re8 28.Qf3
Rc2 29.b4 axb4 30.axb4 Qa6 31.Bc5 Qc8 32.Rd7 Ra2 33.Kg1 Qa8 34.Qxa8 Raxa8 
35.Rb7 Rab8 36.Rdd7 Rxb7 37.Rxb7 h6 38.Rxb5 hxg5 39.fxg5 Rd8 40.Bf2 Rd1+ 
41.Kg2 Ne7 42.Rb8+ Kg7 43.b5 Nd5 44.h4 Rb1 45.Bc5 Rb3 46.b6 Rb5 47.Bf2 Rb3
48.Rd8 Rb2 49.Rd7 Nxb6 1/2-1/2

[Event "zonal 3.3 (w)"]
[Site "Tagaytay City PHI"]
[Date "2013.01.25"]
[Round "5"]
[White "Tambasen, Mary Grace"]
[Black "Citra, Dewi Andhiani Anastasia"]
[Result "0-1"]
[WhiteElo "1825"]
[BlackElo "2180"]
[EventDate "2013.01.22"]
[PlyCount "102"]

1.Nf3 Nf6 2.d3 d5 3.Nbd2 Nc6 4.c3 e5 5.e4 Bc5 6.h3 a5 7.a4 O-O 8.g3 dxe4 
9.dxe4 b6 10.Qc2 h6 11.Bb5 Na7 12.Bf1 Bb7 13.Bg2 Qe7 14.O-O Rad8 15.Re1 
Ba6 16.Bf1 Bxf1 17.Nxf1 Nc6 18.Ne3 Qd7 19.Kg2 Qe6 20.g4 Bxe3 21.Rxe3 Ne7 
22.Nh4 Nxg4 23.Rg3 Nf6 24.Qe2 Kh7 25.Kh2 Qc6 26.f3 Nh5 27.Rg4 g5 28.Nf5 
Nxf5 29.exf5 Nf6 30.Rg2 e4 31.fxe4 Qxe4 32.Qxe4 Nxe4 33.Be3 Rfe8 34.Bg1 
Rd5 35.Rf1 Nd6 36.f6 Nf5 37.c4 Rde5 38.Rd1 Nh4 39.Rf2 Rc5 40.Rd7 Kg6 41.b3
Rc6 42.Rf1 Re2+ 43.Kh1 Nf5 44.Bh2 Rxf6 45.Rb1 c5 46.Bc7 Ne3 47.Rd6 Rxd6 
48.Bxd6 f5 49.Bc7 f4 50.h4 f3 51.Bg3 Nf5 0-1

[Event "zonal 3.3 (w)"]
[Site "Tagaytay City PHI"]
[Date "2013.01.26"]
[Round "6"]
[White "Batkhuyag, Munguntuul"]
[Black "Nguyen Thi Mai Hung"]
[Result "1/2-1/2"]
[WhiteElo "2453"]
[BlackElo "2272"]
[EventDate "2013.01.22"]
[PlyCount "104"]

1.e4 c5 2.Nf3 g6 3.d4 cxd4 4.Nxd4 Nc6 5.c4 Nf6 6.Nc3 d6 7.Be2 Nxd4 8.Qxd4 
Bg7 9.O-O O-O 10.Qd3 Be6 11.Be3 Qa5 12.Bd4 Rfc8 13.b3 Nd7 14.f4 Bxd4+ 15.
Qxd4 Qc5 16.Qxc5 Nxc5 17.f5 Bd7 18.b4 Na6 19.a3 f6 20.Rad1 Be8 21.Nd5 Kf8 
22.Rf3 Nc7 23.Rh3 Nxd5 24.exd5 Kg7 25.Bd3 Rc7 26.Re1 Bf7 27.Rg3 g5 28.b5 
b6 29.Bf1 Kg8 30.Rb1 Rc5 31.Rgb3 Be8 32.Be2 Bd7 33.g4 Kg7 34.Re3 Kf7 35.
Rh3 Kg7 36.Bf1 Rc7 37.a4 Bc8 38.a5 Bd7 39.Ra3 Rb8 40.axb6 axb6 41.Rba1 Bc8
42.Kg2 h6 43.Ra8 Rcb7 44.R8a3 Rc7 45.Bd3 Bb7 46.Ra7 Rcc8 47.Rd1 Kf7 48.h4 
Rc7 49.Kg3 Ra8 50.Rda1 Rxa7 51.Rxa7 Rd7 52.h5 Ke8 1/2-1/2

[Event "zonal 3.3 (w)"]
[Site "Tagaytay City PHI"]
[Date "2013.01.26"]
[Round "6"]
[White "Pham Le Thao Nguyen"]
[Black "Galas, Bernadette"]
[Result "0-1"]
[WhiteElo "2426"]
[BlackElo "1996"]
[EventDate "2013.01.22"]
[PlyCount "82"]

1.d4 d5 2.Nf3 Nf6 3.c4 dxc4 4.Nc3 a6 5.a4 Nc6 6.e3 Na5 7.Ne5 Be6 8.Be2 c6 
9.O-O g6 10.Ra2 Bg7 11.e4 O-O 12.Be3 Nd7 13.f4 Nxe5 14.fxe5 b5 15.Ra1 Nb3 
16.Rb1 Qb6 17.Bf2 Rad8 18.d5 Qb7 19.axb5 axb5 20.Bf3 Bxe5 21.dxc6 Qxc6 22.
Nd5 Qd6 23.h3 Bxd5 24.exd5 e6 25.Bh4 f6 26.dxe6 Qxe6 27.Qe2 Nd2 28.Kh1 
Nxf1 29.Rxf1 Qd6 30.Be4 Qd2 31.Qf3 Bxb2 32.Be1 Qd6 33.Ba5 Rde8 34.Rb1 c3 
35.Rd1 Qe5 36.Bc2 Kh8 37.Bb4 Rf7 38.Bb3 Qe4 39.Bxf7 Qxf3 40.gxf3 c2 41.Rf1
Re2 0-1

[Event "zonal 3.3 (w)"]
[Site "Tagaytay City PHI"]
[Date "2013.01.26"]
[Round "6"]
[White "Hoang Thi Nhu Y"]
[Black "Hoang Thi Bao Tram"]
[Result "1/2-1/2"]
[WhiteElo "2245"]
[BlackElo "2322"]
[EventDate "2013.01.22"]
[PlyCount "62"]

1.d4 d5 2.c4 c6 3.Nf3 Nf6 4.cxd5 cxd5 5.Nc3 Nc6 6.Bf4 Bf5 7.e3 e6 8.Bd3 
Bxd3 9.Qxd3 Bd6 10.Bxd6 Qxd6 11.O-O O-O 12.Rac1 Rac8 13.a3 a6 14.Rc2 h6 
15.Rfc1 Ne7 16.Ne2 Rxc2 17.Rxc2 Rc8 18.Rxc8+ Nxc8 19.Qc2 Ne7 20.Kf1 Qc6 
21.Qxc6 Nxc6 22.b4 b5 23.Nd2 Nd7 24.Nb3 Nb6 25.Nc3 Nc4 26.Nc5 Nxa3 27.Nxa6
Nc2 28.Nxb5 N2xb4 29.Nxb4 Nxb4 30.Ke2 Kf8 31.f3 Ke7 1/2-1/2

[Event "zonal 3.3 (w)"]
[Site "Tagaytay City PHI"]
[Date "2013.01.26"]
[Round "6"]
[White "Citra, Dewi Andhiani Anastasia"]
[Black "Sihite, Chelsie Monica"]
[Result "1/2-1/2"]
[WhiteElo "2180"]
[BlackElo "2264"]
[EventDate "2013.01.22"]
[PlyCount "60"]

1.e4 c5 2.Nf3 d6 3.d4 cxd4 4.Nxd4 Nf6 5.Nc3 e6 6.Be3 a6 7.f3 b5 8.g4 Nfd7 
9.Qd2 Nb6 10.O-O-O N8d7 11.Ndxb5 axb5 12.Nxb5 Ba6 13.Nxd6+ Bxd6 14.Qxd6 
Nc4 15.Bxc4 Bxc4 16.Qd4 Be2 17.Qxg7 Rf8 18.Bc5 Bxd1 19.Rxd1 Rxa2 20.Qxf8+ 
Nxf8 21.Rxd8+ Kxd8 22.Bxf8 Ra1+ 23.Kd2 Rf1 24.Ke2 Rc1 25.Kd2 Rf1 26.Ke2 
Rc1 27.Kd2 Rf1 28.Ke2 Rc1 29.Kd2 Rf1 30.Ke2 Rc1 1/2-1/2

[Event "zonal 3.3 (w)"]
[Site "Tagaytay City PHI"]
[Date "2013.01.26"]
[Round "6"]
[White "Batchimeg, Tuvshintugs"]
[Black "San Diego, Marie Antoinette"]
[Result "1-0"]
[WhiteElo "2323"]
[BlackElo "1923"]
[EventDate "2013.01.22"]
[PlyCount "95"]

1.d4 d5 2.Nf3 Nf6 3.Bf4 c5 4.e3 Nc6 5.c3 Qb6 6.Qc1 Bf5 7.Be2 h6 8.h3 e6 9.
O-O Rc8 10.Re1 cxd4 11.exd4 Be7 12.Be3 O-O 13.Ne5 Rfd8 14.Bd3 Bxd3 15.Nxd3
Qa6 16.Qd1 Na5 17.Qe2 Nc4 18.Bc1 Bf8 19.b3 Nd6 20.f3 Nb5 21.Bd2 Qb6 22.Qe3
a5 23.g4 Qc7 24.Kg2 Na7 25.h4 Nc6 26.Rh1 b5 27.b4 axb4 28.cxb4 Qb6 29.Nc5 
e5 30.dxe5 d4 31.Qe1 Re8 32.Nd3 Nd5 33.Na3 Ne3+ 34.Bxe3 dxe3 35.Rc1 Ra8 
36.Qc3 Nd4 37.Rhe1 Rec8 38.Qb2 Rxa3 39.Qxa3 Nc2 40.Qb2 Nxe1+ 41.Rxe1 Rc4 
42.a3 Qc6 43.Kg3 Rc2 44.Qd4 Ra2 45.Rc1 Qa8 46.Qd7 Qxa3 47.Rc8 g6 48.Qd8 
1-0

[Event "zonal 3.3 (w)"]
[Site "Tagaytay City PHI"]
[Date "2013.01.26"]
[Round "6"]
[White "Jose, Rulp Ylem"]
[Black "Perena, Catherine"]
[Result "0-1"]
[WhiteElo "2026"]
[BlackElo "2153"]
[EventDate "2013.01.22"]
[PlyCount "138"]

1.d4 d5 2.Nf3 Nf6 3.c4 e6 4.e3 c6 5.Bd3 Nbd7 6.O-O dxc4 7.Bxc4 Bd6 8.Re1 
O-O 9.e4 e5 10.Bg5 Qc7 11.h3 h6 12.Bh4 b5 13.Bd3 Re8 14.a4 b4 15.Qb3 exd4 
16.Bxf6 Nxf6 17.Nxd4 Bc5 18.Nf3 Bxh3 19.Qc2 Nd7 20.Kf1 Bg4 21.Nbd2 a5 22.
Nb3 Bb6 23.Nbd4 Nc5 24.e5 Rad8 25.Be4 Nxe4 26.Qxe4 Bxf3 27.Nxf3 Re6 28.
Rad1 c5 29.b3 Qe7 30.Rd5 Rxd5 31.Qxd5 Bc7 32.Re3 h5 33.Qa8+ Kh7 34.Qe4+ g6
35.Qd5 Kg7 36.Qe4 Qe8 37.Qd5 Qe7 38.Qe4 Bb8 39.Qd5 g5 40.Qa8 Bc7 41.Qd5 g4
42.Nd2 Rxe5 43.Nc4 Rxe3 44.Nxe3 Qe5 45.Qc6 Qa1+ 46.Ke2 Qb2+ 47.Kf1 Qe5 48.
g3 Bd8 49.Qd7 Bg5 50.Nf5+ Kg6 51.Nd6 Qd5 52.Qc7 h4 53.Nc4 Qd1+ 54.Kg2 h3+ 
55.Kh2 Qf1 56.Ne5+ Kf5 57.Qxf7+ Kxe5 58.Qg7+ Bf6 59.Qc7+ Kd4 60.Qf4+ Kc3 
61.Qxf6+ Kxb3 62.Qe6+ Kxa4 63.Qe8+ Ka3 64.Qe3+ Kb2 65.Qe5+ Ka2 66.Qd5+ c4 
67.Qd2+ Ka3 68.f4 c3 69.Qd5 Qg2+ 0-1

[Event "zonal 3.3 (w)"]
[Site "Tagaytay City PHI"]
[Date "2013.01.26"]
[Round "6"]
[White "Tambasen, Mary Grace"]
[Black "Fisabilillah, Ummi"]
[Result "1/2-1/2"]
[WhiteElo "1825"]
[BlackElo "1853"]
[EventDate "2013.01.22"]
[PlyCount "81"]

1.e4 e6 2.d3 d5 3.Nd2 Nf6 4.g3 b6 5.Bg2 Bb7 6.Ne2 Nbd7 7.O-O Be7 8.b3 c5 
9.exd5 Bxd5 10.Ne4 Qc7 11.c4 Bc6 12.N2c3 O-O 13.Qe2 Qb7 14.Bb2 Ne8 15.f3 
Nc7 16.Rad1 Rad8 17.Ba1 f5 18.Nf2 a6 19.a3 Bf6 20.Nh3 e5 21.Kh1 Rfe8 22.
Qa2 Nf8 23.b4 Nfe6 24.Ne2 Kh8 25.Qc2 g6 26.Rf2 Kg7 27.Bc3 Qc8 28.Qb2 Nd4 
29.bxc5 bxc5 30.Nxd4 cxd4 31.Ba5 Qd7 32.Rb1 Rc8 33.Qd2 Rb8 34.Rff1 Ne6 35.
Rb6 Rxb6 36.Bxb6 Rb8 37.Ba5 Nc5 38.Bb4 Ne6 39.Qe2 Qb7 40.Bd6 Qb2 41.Qe1 
1/2-1/2

[Event "zonal 3.3 (w)"]
[Site "Tagaytay City PHI"]
[Date "2013.01.27"]
[Round "7"]
[White "Galas, Bernadette"]
[Black "Nguyen Thi Thanh An"]
[Result "0-1"]
[WhiteElo "1996"]
[BlackElo "2279"]
[EventDate "2013.01.22"]
[PlyCount "68"]

1.e4 c5 2.Nf3 d6 3.d4 cxd4 4.Nxd4 Nf6 5.Nc3 a6 6.Be2 g6 7.Be3 Bg7 8.f3 O-O
9.Qd2 Nc6 10.O-O-O Nxd4 11.Bxd4 Be6 12.Kb1 Rc8 13.g4 Qc7 14.h4 b5 15.h5 b4
16.Nd5 Bxd5 17.exd5 Ne4 18.fxe4 Bxd4 19.Bxa6 Bc3 20.Qd3 Ra8 21.bxc3 bxc3 
22.Bc4 Rfb8+ 23.Ka1 Qa5 24.Rb1 Qa3 25.Ba6 Rb2 26.Qc4 Rxa6 27.Qc8+ Kg7 28.
h6+ Kf6 29.Qh8+ Kg5 30.Rh5+ Kxg4 31.Rg1+ Kxh5 32.Rh1+ Kg5 33.Rg1+ Kh4 34.
Rh1+ Kg3 0-1

[Event "zonal 3.3 (w)"]
[Site "Tagaytay City PHI"]
[Date "2013.01.27"]
[Round "7"]
[White "Hoang Thi Bao Tram"]
[Black "Aulia, Medina Warda"]
[Result "1-0"]
[WhiteElo "2322"]
[BlackElo "2309"]
[EventDate "2013.01.22"]
[PlyCount "105"]

1.d4 Nf6 2.Nf3 d5 3.c3 e6 4.Bg5 Be7 5.e3 O-O 6.Nbd2 Nbd7 7.Bd3 h6 8.Bf4 c5
9.Ne5 c4 10.Bc2 Qb6 11.b3 cxb3 12.axb3 Rd8 13.O-O Nxe5 14.Bxe5 Nd7 15.Bg3 
Bf6 16.Nf3 Qc6 17.Qd3 g6 18.c4 b6 19.Rfc1 a5 20.Qe2 dxc4 21.bxc4 Ba6 22.
Nd2 Qc8 23.Be4 Ra7 24.Qf3 Bg7 25.Bh4 g5 26.Bg3 f5 27.Bc2 Nf8 28.h4 f4 29.
Bh2 e5 30.d5 e4 31.Qxe4 Re8 32.Qd3 Bxa1 33.Rxa1 Rae7 34.Re1 b5 35.hxg5 
bxc4 36.Qd4 hxg5 37.Ne4 Rxe4 38.Bxe4 c3 39.Bc2 Nd7 40.Rc1 Qc5 41.Ba4 Qxd4 
42.exd4 Rb8 43.Bxd7 Bd3 44.Bxf4 gxf4 45.Rxc3 Be4 46.Be6+ Kf8 47.f3 Bg6 48.
d6 Rd8 49.d7 Ke7 50.d5 Bf7 51.Rc6 Bxe6 52.dxe6 Rb8 53.Rc8 1-0

[Event "zonal 3.3 (w)"]
[Site "Tagaytay City PHI"]
[Date "2013.01.27"]
[Round "7"]
[White "Sihite, Chelsie Monica"]
[Black "Batkhuyag, Munguntuul"]
[Result "1-0"]
[WhiteElo "2264"]
[BlackElo "2453"]
[EventDate "2013.01.22"]
[PlyCount "87"]

1.e4 d6 2.d4 g6 3.Nc3 Bg7 4.Bg5 Nf6 5.Qd2 O-O 6.h4 h5 7.O-O-O c6 8.f3 b5 
9.Bh6 Qa5 10.Kb1 b4 11.Nce2 Be6 12.Nc1 Nbd7 13.Bxg7 Kxg7 14.Nh3 Nb6 15.Nf4
Bc4 16.Nfd3 Rab8 17.b3 Bxd3 18.Nxd3 Na8 19.Nb2 Qd8 20.c4 a5 21.e5 Ng8 22.
f4 Nh6 23.Bd3 Nc7 24.f5 dxe5 25.fxg6 fxg6 26.Qg5 Nf5 27.Bxf5 Rxf5 28.Qe3 
Ne6 29.dxe5 Qc7 30.Rhe1 Rbf8 31.Nd3 c5 32.Qe4 Nf4 33.Nc1 R5f7 34.e6 Rf6 
35.Rd7 Qb6 36.Rxe7+ Kg8 37.g3 Nh3 38.Qe3 g5 39.hxg5 Rf5 40.g6 Ng5 41.Qd2 
Rd8 42.Rd7 Re8 43.Rf7 Rxe6 44.Rxe6 1-0

[Event "zonal 3.3 (w)"]
[Site "Tagaytay City PHI"]
[Date "2013.01.27"]
[Round "7"]
[White "Nguyen Thi Mai Hung"]
[Black "Batchimeg, Tuvshintugs"]
[Result "1-0"]
[WhiteElo "2272"]
[BlackElo "2323"]
[EventDate "2013.01.22"]
[PlyCount "63"]

1.d4 Nf6 2.Nf3 e6 3.Bf4 c5 4.e3 b6 5.Nc3 cxd4 6.exd4 Bb7 7.Bd3 Be7 8.O-O 
O-O 9.h3 a6 10.Re1 b5 11.Ng5 h6 12.Nge4 b4 13.Nxf6+ Bxf6 14.Ne2 Qa5 15.Qd2
Qd5 16.f3 Bxd4+ 17.Nxd4 Qxd4+ 18.Kh1 Nc6 19.c3 bxc3 20.bxc3 Qf6 21.Rab1 
Nd8 22.Bc2 d5 23.Rb4 a5 24.Be5 Qxe5 25.Rxe5 axb4 26.cxb4 Nc6 27.Re1 Ra3 
28.b5 Na5 29.Qb4 Nc4 30.Bb3 Rfa8 31.Qe7 R3a7 32.Bxc4 1-0

[Event "zonal 3.3 (w)"]
[Site "Tagaytay City PHI"]
[Date "2013.01.27"]
[Round "7"]
[White "Hoang Thi Nhu Y"]
[Black "Tambasen, Mary Grace"]
[Result "1-0"]
[WhiteElo "2245"]
[BlackElo "1825"]
[EventDate "2013.01.22"]
[PlyCount "83"]

1.c4 c5 2.Nc3 Nf6 3.g3 g6 4.Bg2 Bg7 5.Nf3 O-O 6.O-O d6 7.a3 Nc6 8.Rb1 a5 
9.Ne1 Rb8 10.Nc2 Bf5 11.d3 Qd7 12.Re1 Nd4 13.Nxd4 cxd4 14.Nb5 e5 15.Bd2 d5
16.Rc1 dxc4 17.dxc4 Ra8 18.e3 Bg4 19.Qb3 Rfd8 20.exd4 exd4 21.Qd3 Bf5 22.
Qf3 b6 23.Qb7 Qxb7 24.Bxb7 Rab8 25.Bg2 d3 26.h3 h5 27.Na7 Re8 28.Nc6 Rxe1+
29.Rxe1 Re8 30.Rxe8+ Nxe8 31.Ne7+ Kh7 32.Nxf5 gxf5 33.b4 Nd6 34.bxa5 bxa5 
35.Bd5 a4 36.Bb4 Ne4 37.Bxe4 fxe4 38.c5 Bf8 39.Kf1 Kg6 40.c6 Bxb4 41.c7 
Bxa3 42.c8=Q 1-0

[Event "zonal 3.3 (w)"]
[Site "Tagaytay City PHI"]
[Date "2013.01.27"]
[Round "7"]
[White "San Diego, Marie Antoinette"]
[Black "Citra, Dewi Andhiani Anastasia"]
[Result "1/2-1/2"]
[WhiteElo "1923"]
[BlackElo "2180"]
[EventDate "2013.01.22"]
[PlyCount "65"]

1.d4 Nf6 2.Nf3 e6 3.c4 b6 4.g3 Bb7 5.Bg2 c5 6.dxc5 bxc5 7.O-O Be7 8.Nc3 
O-O 9.b3 Ne4 10.Nxe4 Bxe4 11.Bb2 Nc6 12.Qd2 Qc7 13.Rfd1 Rad8 14.h4 f5 15.
Ne1 Bxg2 16.Nxg2 Nd4 17.Rac1 Bf6 18.Bxd4 Bxd4 19.e3 Be5 20.f4 Bf6 21.Qd6 
Qa5 22.Rc2 Rf7 23.Ne1 Be7 24.Qd2 Qc7 25.Nf3 d6 26.Kf2 Bf6 27.Qe2 Re7 28.
Rcd2 Rdd7 29.Qd3 Qc6 30.Qc2 g6 31.Rd3 Rd8 32.Qd2 Red7 33.Qc2 1/2-1/2

[Event "zonal 3.3 (w)"]
[Site "Tagaytay City PHI"]
[Date "2013.01.27"]
[Round "7"]
[White "Fisabilillah, Ummi"]
[Black "Jose, Rulp Ylem"]
[Result "0-1"]
[WhiteElo "1853"]
[BlackElo "2026"]
[EventDate "2013.01.22"]
[PlyCount "86"]

1.e4 d5 2.exd5 Nf6 3.d4 Bg4 4.Nf3 Qxd5 5.Be2 e6 6.c4 Bb4+ 7.Nbd2 Qe4 8.O-O
Bxd2 9.Qxd2 Nbd7 10.Re1 O-O-O 11.h3 Bxf3 12.Bxf3 Qf5 13.Qb4 Nb6 14.Qc3 Kb8
15.Re5 Qg6 16.Rg5 Qh6 17.Rg4 g5 18.Bxg5 Qg6 19.Rg3 Rdg8 20.Re1 Nh5 21.Rg4 
Nf6 22.Bxf6 Qxf6 23.Rxg8+ Rxg8 24.c5 Nd5 25.Bxd5 exd5 26.Qe3 a6 27.b4 Ka7 
28.a4 Rg6 29.g3 Qf5 30.Kg2 Qc2 31.Qe7 Qc3 32.Rd1 Qc2 33.Re1 Qc3 34.Rd1 
Rxg3+ 35.fxg3 Qc2+ 36.Kf3 Qxd1+ 37.Qe2 Qxd4 38.Qe1 Qd3+ 39.Kf4 Qd4+ 40.Kf3
Qf6+ 41.Kg2 Qb2+ 42.Kf3 Qb3+ 43.Kf4 Qxa4 0-1